[Event "Titled Tuesday intern op 22nd Dec"]
[Site "Chess.com INT"]
[Date "2020.12.22"]
[Round "1"]
[White "Abdisalimov, Abdimalik"]
[Black "Ivanova, Karina"]
[Result "1-0"]
[WhiteElo "2392"]
[BlackElo "2085"]
[PlyCount "101"]
[EventDate "2020.12.22"]
[EventType "swiss (blitz)"]
[EventRounds "11"]
[EventCountry "USA"]
[SourceTitle "CBM 199 Extra"]
[Source "ChessBase"]
[SourceDate "2021.01.31"]
[SourceVersion "1"]
[SourceVersionDate "2021.01.31"]
[SourceQuality "1"]

1. d4 Nf6 2. c4 e6 3. Nf3 b6 4. g3 Bb7 5. Bg2 Be7 6. 0-0 0-0 7. Nc3 Ne4 8. Qc2 Nxc3 9. Qxc3 c5 10. Rd1 Bf6 11. Be3 Nc6 12. Qd2 cxd4 13. Nxd4 Qe7 14. Nb5 Rad8 15. Nd6 Ba8 16. Rac1 Na5 17. Bxa8 Rxa8 18. b3 Rfd8 19. Qd3 Be5 20. f4 Bxd6 21. Qxd6 Qxd6 22. Rxd6 Nb7 23. Rd2 Kf8 24. Rcd1 Ke7 25. Bd4 f6 26. e4 d6 27. Kf2 Rd7 28. Bb2 Rad8 29. Ba3 Nc5 30. Bxc5 dxc5 31. Rxd7+ Rxd7 32. Rxd7+ Kxd7 33. Ke3 e5 34. f5 a5 35. g4 h6 36. a4 Ke7 37. Kf3 Kf7 38. Kg3 Kg8 39. Kh4 Kh8 40. Kg3 Kg8 41. h4 Kf7 42. Kh3 Kg8 43. g5 hxg5 44. hxg5 fxg5 45. Kg4 Kf7 46. Kxg5 Kf8 47. f6 gxf6+ 48. Kxf6 Ke8 49. Kxe5 Ke7 50. Kd5 Kd7 51. e5 1-0

[Event "Titled Tuesday intern op 22nd Dec"]
[Site "Chess.com INT"]
[Date "2020.12.22"]
[Round "3"]
[White "Ivanova, Karina"]
[Black "Morgunov, Marc"]
[Result "1/2-1/2"]
[WhiteElo "2085"]
[BlackElo "2385"]
[PlyCount "146"]
[EventDate "2020.12.22"]
[EventType "swiss (blitz)"]
[EventRounds "11"]
[EventCountry "USA"]
[SourceTitle "CBM 199 Extra"]
[Source "ChessBase"]
[SourceDate "2021.01.31"]
[SourceVersion "1"]
[SourceVersionDate "2021.01.31"]
[SourceQuality "1"]

1. c4 Nf6 2. Nf3 g6 3. d4 Bg7 4. g3 0-0 5. Bg2 d6 6. Nc3 Nc6 7. 0-0 e5 8. dxe5 dxe5 9. Bg5 Be6 10. Qa4 Qc8 11. Rfd1 a6 12. Rac1 Nd7 13. Nd5 f6 14. Be3 Rd8 15. h4 Bf8 16. b4 Bxd5 17. cxd5 Na7 18. d6 Nc6 19. dxc7 Qxc7 20. a3 Rac8 21. Qb3+ Kg7 22. h5 Nb6 23. hxg6 hxg6 24. Nd2 Rd7 25. Ne4 Rcd8 26. Rxd7+ Rxd7 27. Nc5 Bxc5 28. Bxc5 Nd4 29. Qe3 Qd8 30. Kf1 Na4 31. Be4 Nxc5 32. Rxc5 Rd6 33. Bxb7 Rd7 34. Bxa6 Qa8 35. f4 Qxa6 36. fxe5 Re7 37. exf6+ Qxf6+ 38. Qf4 Qxf4+ 39. gxf4 Nxe2 40. Re5 Rxe5 41. fxe5 Nc3 42. Ke1 Kf7 43. Kd2 Nb1+ 44. Ke3 Nxa3 45. Kf4 Nb5 46. Kg5 Nc7 47. b5 Nxb5 48. e6+ Kg7 49. e7 Nc7 50. Kg4 Ne8 51. Kg5 Nd6 52. Kg4 Kf7 53. Kg5 Ne4+ 54. Kf4 Kxe7 55. Kxe4 Ke6 56. Kf4 Kf6 57. Kg4 g5 58. Kg3 Kf5 59. Kf3 g4+ 60. Kg3 Kg5 61. Kg2 Kf4 62. Kf2 g3+ 63. Kg2 Kg4 64. Kg1 Kh3 65. Kh1 Kh4 66. Kg2 Kg4 67. Kg1 Kg5 68. Kg2 Kf4 69. Kg1 Kg4 70. Kg2 Kf4 71. Kg1 Kf3 72. Kf1 g2+ 73. Kg1 Kg3 1/2-1/2

[Event "Titled Tuesday intern op 22nd Sept"]
[Site "Chess.com INT"]
[Date "2020.09.22"]
[Round "4"]
[White "Ivanova, Karina"]
[Black "De Silva, LMST"]
[Result "0-1"]
[WhiteElo "2085"]
[BlackElo "2153"]
[PlyCount "82"]
[EventDate "2020.09.22"]
[EventType "swiss (blitz)"]
[EventRounds "10"]
[EventCountry "USA"]
[SourceTitle "CBM 198 Extra"]
[Source "ChessBase"]
[SourceDate "2020.11.30"]
[SourceVersion "1"]
[SourceVersionDate "2020.11.30"]
[SourceQuality "1"]

1. d4 Nf6 2. c4 e6 3. Nc3 Bb4 4. e3 0-0 5. Nge2 c6 6. a3 Ba5 7. b4 Bc7 8. Bb2 d5 9. Nf4 a5 10. Bd3 Nbd7 11. 0-0 Qe7 12. Qb3 dxc4 13. Bxc4 a4 14. Qc2 b5 15. Bd3 e5 16. dxe5 Nxe5 17. Be2 Bb7 18. Ne4 Nxe4 19. Qxe4 Rab8 20. Nd3 c5 21. Qf5 g6 22. Qh3 Nxd3 23. Bxd3 c4 24. Bc2 Be5 25. Bxe5 Qxe5 26. Rfd1 Rbd8 27. Qh4 Rxd1+ 28. Rxd1 Qc3 29. Bb1 Qxa3 30. Qe7 Bc8 31. h4 Qb2 32. Kh2 a3 33. Rd8 Qg7 34. h5 Be6 35. Ba2 Rxd8 36. Qxd8+ Qf8 37. Qa5 Qd6+ 38. g3 Qd2 39. Qxa3 Qxf2+ 40. Kh1 Bd5+ 41. e4 Bxe4+ 0-1

[Event "Titled Tuesday intern op 22nd Sept"]
[Site "Chess.com INT"]
[Date "2020.09.22"]
[Round "7"]
[White "Ivanova, Karina"]
[Black "Horak, Martin"]
[Result "0-1"]
[WhiteElo "2085"]
[BlackElo "2337"]
[PlyCount "106"]
[EventDate "2020.09.22"]
[EventType "swiss (blitz)"]
[EventRounds "10"]
[EventCountry "USA"]
[SourceTitle "CBM 198 Extra"]
[Source "ChessBase"]
[SourceDate "2020.11.30"]
[SourceVersion "1"]
[SourceVersionDate "2020.11.30"]
[SourceQuality "1"]

1. d4 Nf6 2. c4 e6 3. Nc3 Bb4 4. e3 0-0 5. Nge2 d5 6. a3 Be7 7. cxd5 exd5 8. Nf4 c6 9. Bd3 Bd6 10. 0-0 Re8 11. b4 Ne4 12. Bb2 Nd7 13. b5 Ndf6 14. bxc6 bxc6 15. Nxe4 dxe4 16. Bc4 Rb8 17. Bc3 Bxf4 18. exf4 e3 19. fxe3 Rxe3 20. Bd2 Qxd4 21. Bxe3 Qxe3+ 22. Kh1 Bg4 23. Qd3 Qc5 24. Qc3 Ne4 25. Qc2 Bf5 26. Bd3 Qd4 27. Rad1 Qe3 28. Rf3 Qd4 29. Bxe4 Qxe4 30. Qxe4 Bxe4 31. Rc3 f5 32. Kg1 Rb2 33. Rg3 Kf7 34. Rd7+ Ke6 35. Rgxg7 Rb1+ 36. Kf2 Rb2+ 37. Ke3 Rb3+ 38. Ke2 Rb2+ 39. Kd1 Rb1+ 40. Kd2 Rb2+ 41. Kc3 Rf2 42. Rge7+ Kf6 43. Rf7+ Kg6 44. Rg7+ Kf6 45. Rdf7+ Ke6 46. Re7+ Kd6 47. Rd7+ Kc5 48. Kb3 Bxg2 49. Rxh7 Bd5+ 50. Ka4 Rxf4+ 51. Ka5 Rf3 52. a4 Ra3 53. Rh5 Bb3 0-1

[Event "Titled Tuesday intern op 22nd Sept"]
[Site "Chess.com INT"]
[Date "2020.09.22"]
[Round "3"]
[White "Ivanova, Karina"]
[Black "Sultana, Sharmin Shirin"]
[Result "1-0"]
[WhiteElo "2085"]
[BlackElo "2002"]
[PlyCount "77"]
[EventDate "2020.09.22"]
[EventType "swiss (blitz)"]
[EventRounds "10"]
[EventCountry "USA"]
[SourceTitle "CBM 198 Extra"]
[Source "ChessBase"]
[SourceDate "2020.11.30"]
[SourceVersion "1"]
[SourceVersionDate "2020.11.30"]
[SourceQuality "1"]

1. d4 d5 2. c4 c6 3. Nf3 Nf6 4. g3 Bf5 5. Bg2 e6 6. 0-0 h6 7. Nc3 Be7 8. Nd2 Bg6 9. e4 dxe4 10. Ndxe4 0-0 11. Be3 Nbd7 12. Qe2 Qc7 13. Rfd1 Rad8 14. Rac1 Bh5 15. Bf3 Bxf3 16. Qxf3 Nxe4 17. Nxe4 Nf6 18. b3 Qa5 19. Rd2 e5 20. Rcd1 exd4 21. Bxd4 Nxe4 22. Qxe4 Bb4 23. Rd3 Rfe8 24. Qg4 Qg5 25. Qxg5 hxg5 26. Bxa7 Ra8 27. Bb6 Rxa2 28. Rd8 Rxd8 29. Rxd8+ Kh7 30. Rd7 f6 31. Rxb7 Rb2 32. Bd8 Kg6 33. Rxb4 Kf5 34. c5 Rc2 35. Be7 Rc1+ 36. Kg2 g6 37. Bd6 g4 38. Rf4+ Kg5 39. Be7 1-0

[Event "Titled Tuesday intern op 08th Sept"]
[Site "Chess.com INT"]
[Date "2020.09.08"]
[Round "4"]
[White "Bazarov, Konstantin"]
[Black "Ivanova, Karina"]
[Result "1-0"]
[WhiteElo "2262"]
[BlackElo "2085"]
[PlyCount "61"]
[EventDate "2020.09.08"]
[EventType "swiss (blitz)"]
[EventRounds "10"]
[EventCountry "USA"]
[SourceTitle "CBM 198 Extra"]
[Source "ChessBase"]
[SourceDate "2020.11.30"]
[SourceVersion "1"]
[SourceVersionDate "2020.11.30"]
[SourceQuality "1"]

1. d4 Nf6 2. c4 e6 3. Nf3 b6 4. g3 Bb7 5. Bg2 Be7 6. 0-0 0-0 7. Bf4 d6 8. Qc1 Nbd7 9. Rd1 Qc8 10. Nc3 Ne4 11. Nb5 a6 12. Na3 c5 13. dxc5 dxc5 14. Qc2 Rd8 15. h4 h6 16. Rd3 Ndf6 17. Rad1 Rxd3 18. Rxd3 Bc6 19. Ne5 Bb7 20. Qd1 g5 21. hxg5 hxg5 22. Be3 g4 23. Nd7 Nxd7 24. Rxd7 Bf6 25. Qd3 Bxb2 26. Rxb7 Bxa3 27. Bxe4 Bb2 28. Rd7 Rb8 29. Bf4 e5 30. Qd5 Qe8 31. Bg6 1-0

[Event "Titled Tuesday intern op 08th Sept"]
[Site "Chess.com INT"]
[Date "2020.09.08"]
[Round "10"]
[White "Dmitrenko, Viktor"]
[Black "Ivanova, Karina"]
[Result "1-0"]
[WhiteElo "2456"]
[BlackElo "2085"]
[PlyCount "71"]
[EventDate "2020.09.08"]
[EventType "swiss (blitz)"]
[EventRounds "10"]
[EventCountry "USA"]
[SourceTitle "CBM 198 Extra"]
[Source "ChessBase"]
[SourceDate "2020.11.30"]
[SourceVersion "1"]
[SourceVersionDate "2020.11.30"]
[SourceQuality "1"]

1. d4 Nf6 2. c4 e6 3. g3 Bb4+ 4. Nd2 c5 5. a3 Bxd2+ 6. Qxd2 cxd4 7. Nf3 d5 8. cxd5 Nxd5 9. Nxd4 e5 10. Nb5 0-0 11. Bg2 Be6 12. e4 Nb6 13. Qxd8 Rxd8 14. Nc7 Nc6 15. Nxa8 Rxa8 16. 0-0 Nd4 17. Be3 Nc2 18. Rac1 Nxe3 19. fxe3 Nc4 20. Rf2 Rd8 21. Re2 b5 22. Bf1 Rd3 23. Ree1 Rb3 24. Red1 g6 25. Bxc4 bxc4 26. Rd8+ Kg7 27. Ra8 Rxb2 28. Rxa7 Rb3 29. a4 Rxe3 30. a5 Ra3 31. Kf2 Ra2+ 32. Ke3 Bg4 33. Re1 Ra3+ 34. Kd2 c3+ 35. Kc2 Be6 36. Re3 1-0

[Event "Titled Tuesday intern op 08th Sept"]
[Site "Chess.com INT"]
[Date "2020.09.08"]
[Round "6"]
[White "Ivanova, Karina"]
[Black "Melian, Juan Sebastian"]
[Result "1-0"]
[WhiteElo "2085"]
[BlackElo "1950"]
[PlyCount "45"]
[EventDate "2020.09.08"]
[EventType "swiss (blitz)"]
[EventRounds "10"]
[EventCountry "USA"]
[SourceTitle "CBM 198 Extra"]
[Source "ChessBase"]
[SourceDate "2020.11.30"]
[SourceVersion "1"]
[SourceVersionDate "2020.11.30"]
[SourceQuality "1"]

1. Nf3 Nf6 2. g3 e6 3. Bg2 c5 4. c4 Nc6 5. d4 cxd4 6. Nxd4 Qc7 7. 0-0 a6 8. Nc3 b6 9. Bf4 e5 10. Bxe5 Nxe5 11. Bxa8 h5 12. h4 g5 13. hxg5 Nfg4 14. Nf3 h4 15. Nxe5 Nxe5 16. Ne4 hxg3 17. Nxg3 Bc5 18. e3 d6 19. b4 Bxb4 20. Qa4+ Bd7 21. Qxb4 Ke7 22. Bg2 Nc6 23. Qc3 1-0

[Event "Titled Tuesday intern op 08th Sept"]
[Site "Chess.com INT"]
[Date "2020.09.08"]
[Round "2"]
[White "Ivanova, Karina"]
[Black "Vachylya, Andriy"]
[Result "1/2-1/2"]
[WhiteElo "2085"]
[BlackElo "2199"]
[PlyCount "213"]
[EventDate "2020.09.08"]
[EventType "swiss (blitz)"]
[EventRounds "10"]
[EventCountry "USA"]
[SourceTitle "CBM 198 Extra"]
[Source "ChessBase"]
[SourceDate "2020.11.30"]
[SourceVersion "1"]
[SourceVersionDate "2020.11.30"]
[SourceQuality "1"]

1. d4 d5 2. Nf3 e6 3. g3 c5 4. Bg2 Nf6 5. 0-0 cxd4 6. Nxd4 Be7 7. c4 dxc4 8. Nc3 0-0 9. Ndb5 Qa5 10. Bf4 Na6 11. Qa4 Qxa4 12. Nxa4 Bd7 13. Nac3 Bc6 14. Bxc6 bxc6 15. Nd4 Rac8 16. Rfd1 Nd5 17. Bd2 Bf6 18. Be1 Rfd8 19. Ne4 Be5 20. f4 Bc7 21. Bf2 Bb6 22. Rac1 Ndb4 23. a3 Nd5 24. Rxc4 c5 25. Nb3 Kf8 26. Nexc5 Nxc5 27. Bxc5+ Ke8 28. Bxb6 Rxc4 29. Bxd8 Kxd8 30. Kf2 Ke7 31. Rc1 Ra4 32. Nc5 Rd4 33. Rc2 f5 34. Nd3 Re4 35. Ne5 g5 36. Nd3 gxf4 37. gxf4 Nxf4 38. Nxf4 Rxf4+ 39. Kg3 Rg4+ 40. Kf3 Kd6 41. Rd2+ Kc6 42. Rc2+ Kb6 43. Rd2 Kc6 44. Rc2+ Kd5 45. Rc7 Rh4 46. Rxa7 Rxh2 47. b4 h5 48. Kg3 Rxe2 49. b5 Ke4 50. a4 f4+ 51. Kh4 Rh2+ 52. Kg5 f3 53. b6 Rb2 54. a5 f2 55. Rf7 Rb5+ 56. Kg6 Rxa5 57. b7 Rb5 58. Rxf2 Rxb7 59. Kxh5 Rg7 60. Re2+ Kf5 61. Rf2+ Ke5 62. Re2+ Kd6 63. Rd2+ Ke7 64. Re2 Rg1 65. Kh4 Kf6 66. Rf2+ Kg6 67. Re2 Kf7 68. Rf2+ Ke7 69. Re2 Rf1 70. Kg4 Kf6 71. Rd2 Rf5 72. Re2 e5 73. Rd2 Ke6 74. Rd1 Rf8 75. Re1 Rf2 76. Kg3 Rd2 77. Kg4 Kd5 78. Kg3 e4 79. Kf4 Rf2+ 80. Ke3 Rf3+ 81. Ke2 Rh3 82. Rd1+ Ke5 83. Rg1 Rh2+ 84. Ke3 Rh3+ 85. Ke2 Ra3 86. Rg8 Kd4 87. Rd8+ Kc3 88. Rc8+ Kd4 89. Rd8+ Ke5 90. Re8+ Kf4 91. Rf8+ Kg3 92. Rg8+ Kh3 93. Rh8+ Kg4 94. Rg8+ Kf5 95. Rf8+ Kg6 96. Rg8+ Kf7 97. Rg4 Ra4 98. Ke3 Kf6 99. Rxe4 Ra3+ 100. Kf4 Rh3 101. Rd4 Rh4+ 102. Ke3 Rh1 103. Rf4+ Ke5 104. Re4+ Kd5 105. Rf4 Rh3+ 106. Rf3 Rxf3+ 107. Kxf3 1/2-1/2

[Event "Titled Tuesday intern op 08th Sept"]
[Site "Chess.com INT"]
[Date "2020.09.08"]
[Round "8"]
[White "Suvorov, Luca"]
[Black "Ivanova, Karina"]
[Result "0-1"]
[WhiteElo "2279"]
[BlackElo "2085"]
[PlyCount "54"]
[EventDate "2020.09.08"]
[EventType "swiss (blitz)"]
[EventRounds "10"]
[EventCountry "USA"]
[SourceTitle "CBM 198 Extra"]
[Source "ChessBase"]
[SourceDate "2020.11.30"]
[SourceVersion "1"]
[SourceVersionDate "2020.11.30"]
[SourceQuality "1"]

1. d4 Nf6 2. c4 e6 3. Nc3 Bb4 4. e3 c5 5. Nge2 cxd4 6. exd4 d5 7. c5 0-0 8. a3 Bxc3+ 9. Nxc3 e5 10. dxe5 Re8 11. Be2 Rxe5 12. 0-0 d4 13. Nb5 Rxc5 14. Qxd4 Qxd4 15. Nxd4 Nc6 16. Be3 Nxd4 17. Bxd4 Rc2 18. Bf3 Bg4 19. Bxb7 Rb8 20. Ba6 Be2 21. Bxe2 Rxe2 22. b4 a6 23. Rfc1 Rd8 24. Bxf6 gxf6 25. Rc6 Rdd2 26. Rf1 Re6 27. Rfc1 Rxc6 0-1

[Event "Titled Tuesday intern op 01st Sept"]
[Site "Chess.com INT"]
[Date "2020.09.01"]
[Round "5"]
[White "Ivanova, Karina"]
[Black "Filippova, Margarita"]
[Result "0-1"]
[WhiteElo "2085"]
[BlackElo "1931"]
[PlyCount "40"]
[EventDate "2020.09.01"]
[EventType "swiss (blitz)"]
[EventRounds "10"]
[EventCountry "USA"]
[SourceTitle "CBM 198 Extra"]
[Source "ChessBase"]
[SourceDate "2020.11.30"]
[SourceVersion "1"]
[SourceVersionDate "2020.11.30"]
[SourceQuality "1"]

1. d4 Nf6 2. Nf3 d5 3. g3 c5 4. c4 Nc6 5. Bg2 Bg4 6. dxc5 e6 7. 0-0 Bxc5 8. Nc3 0-0 9. cxd5 exd5 10. Bg5 d4 11. Ne4 Be7 12. Nxf6+ Bxf6 13. Bxf6 Qxf6 14. Rc1 Rad8 15. h3 Bh5 16. g4 Bg6 17. Qa4 Rfe8 18. Rfe1 a6 19. Rcd1 h6 20. Qxd4 Nxd4 0-1

[Event "Titled Tuesday intern op 01st Sept"]
[Site "Chess.com INT"]
[Date "2020.09.01"]
[Round "10"]
[White "Ivanova, Karina"]
[Black "Magallanes, Rey Jomar"]
[Result "1-0"]
[WhiteElo "2085"]
[BlackElo "2036"]
[PlyCount "71"]
[EventDate "2020.09.01"]
[EventType "swiss (blitz)"]
[EventRounds "10"]
[EventCountry "USA"]
[SourceTitle "CBM 198 Extra"]
[Source "ChessBase"]
[SourceDate "2020.11.30"]
[SourceVersion "1"]
[SourceVersionDate "2020.11.30"]
[SourceQuality "1"]

1. Nf3 c5 2. c4 Nf6 3. d4 cxd4 4. Nxd4 e6 5. g3 Be7 6. Bg2 0-0 7. 0-0 d5 8. Nc3 dxc4 9. Bg5 Nd5 10. Bxe7 Nxc3 11. Bxd8 Nxd1 12. Rfxd1 Rxd8 13. Nxe6 Rxd1+ 14. Rxd1 fxe6 15. Rd8+ Kf7 16. Rxc8 a6 17. Bxb7 Ra7 18. Rxb8 Ke7 19. Be4 Rd7 20. Rb7 Rxb7 21. Bxb7 a5 22. Kg2 Kd6 23. Kf3 e5 24. Ke4 g5 25. g4 h6 26. Bd5 a4 27. a3 Kc5 28. Kxe5 c3 29. bxc3 h5 30. gxh5 g4 31. h6 g3 32. fxg3 Kb6 33. h7 Kc5 34. h8Q Kb6 35. Qb8+ Kc5 36. Qb4# 1-0

[Event "Titled Tuesday intern op 01st Sept"]
[Site "Chess.com INT"]
[Date "2020.09.01"]
[Round "8"]
[White "Marcinczyk, Monika"]
[Black "Ivanova, Karina"]
[Result "1-0"]
[WhiteElo "1832"]
[BlackElo "2085"]
[PlyCount "53"]
[EventDate "2020.09.01"]
[EventType "swiss (blitz)"]
[EventRounds "10"]
[EventCountry "USA"]
[SourceTitle "CBM 198 Extra"]
[Source "ChessBase"]
[SourceDate "2020.11.30"]
[SourceVersion "1"]
[SourceVersionDate "2020.11.30"]
[SourceQuality "1"]

1. e4 c6 2. d4 d5 3. exd5 cxd5 4. Bd3 Nc6 5. c3 Nf6 6. Ne2 g6 7. 0-0 Bg7 8. Bf4 0-0 9. Nd2 a6 10. Nf3 b5 11. Ne5 Bb7 12. Qd2 Re8 13. a4 Qb6 14. axb5 axb5 15. h4 b4 16. Ng3 h5 17. Nxg6 fxg6 18. Bxg6 Rxa1 19. Rxa1 Ra8 20. Re1 bxc3 21. bxc3 Qd8 22. Qe2 Qf8 23. Bg5 Bc8 24. Nxh5 Nxh5 25. Qxh5 Qd8 26. Qh7+ Kf8 27. Bh6 1-0